Most Populous Islands of China - Statistics

General Stats
  • This quiz has been taken 113 times
  • The average score is 4 of 8
Answer Stats
Population Island Province Info % Correct
10,081,232 Hainan Hainan Largest island of China and its smallest, southernmost province
89%
1,253,417 Hong Kong Island Hong Kong About 7% of the area of Hong Kong but 17% of its population
72%
2,890,000 Zhongshan Island Guangdong/Macau Pearl River Delta island: At its southern tip is the peninsular part of Macau. The rest is part of the cities of Zhongshan and Zhuhai.
55%
2,040,000 Xiamen Fujian Makes up a large part of the city of Xiamen
54%
615,297 Chongming Shanghai Northernmost part of Shanghai at the mouth of the Yangtze
30%
502,667 Zhoushan Island Zhejiang East of Hangzhou, the largest of the Zhoushan (formerly Chusan) Islands
27%
1,558,663 Haizhu Guangdong Part of Guangzhou city
13%
762,746 Cangshan Fujian Part of Fuzhou, the capital of Fujian
12%
No matching quizzes found
Score Distribution
Percent of People with Each Score
Percentile by Number Answered
Your Score History
You have not taken this quiz